| 000 | 00608nam a2200193 i 4500 | ||
|---|---|---|---|
| 001 | 27041 | ||
| 003 | ES-MaACL | ||
| 005 | 20250820140236.0 | ||
| 007 | t| | ||
| 008 | 030113s1968 sp ||||1| spa d | ||
| 100 | 1 |
_aAuzias, Jean-Marie. _923986 |
|
| 245 | 1 | 3 |
_aLa filosofía y las técnicas / _cJean-Marie Auzias ; [traducción castellana: José Luis Blasco Estellés]. |
| 250 | _a[1ª ed.]. | ||
| 260 |
_aBarcelona, etc. : _bOikos-Tau, _c[1968] |
||
| 300 |
_a115 p. ; _c21 cm. |
||
| 700 | 1 |
_aBlasco, Josep Lluís, _d1940-2003 _929370 |
|
| 852 |
_aES-MaACL _jC-34659 _bR.66661 |
||
| 999 |
_c27041 _d27041 |
||